000 00714nam a2200229Ia 4500
005 20260430150804.0
008 008 250103s9999 xx 000 0 hin d
037 _aTheses
040 _aCRL
040 _bhin
040 _chin
041 _2hin
041 _ahin
084 _qCRL
100 _aजीनगर, गोपाल, ले.
_9868823
245 0 _aहिन्दी दलित कहानी में स्त्री विषयक दृष्टि
260 _c2023
300 _a275पृ0
700 _aदिल्ली विश्वविद्यालय. कला संकाय. हिन्दी विभाग
942 _cTH
999 _c1850778
_d1850778